| Tag |
First Indicator |
Second Indicator |
Subfields |
| LEADER |
00000cam a22000001a 4500 |
| 001 |
in00003356821 |
| 006 |
m d f |
| 007 |
cr bn mmmapmmp |
| 008 |
100612s1982 dcu o f000 0 eng d |
| 005 |
20260430164814.4 |
| 035 |
|
|
|a cis2007878376
|
| 040 |
|
|
|a ProQuest
|c ProQuest
|d UtOrBLW
|
| 043 |
|
|
|a n-us---
|
| 099 |
|
|
|a CRS-1982-ECN-0069
|
| 110 |
2 |
|
|a Library of Congress.
|b Congressional Research Service.
|
| 245 |
1 |
0 |
|a Advertising Substantiation and the Role of the Federal Trade Commission.
|
| 264 |
|
1 |
|a [Place of publication not identified] :
|b [publisher not identified],
|c 1982.
|
| 300 |
|
|
|a 1 online resource.
|
| 336 |
|
|
|a text
|b txt
|2 rdacontent
|
| 337 |
|
|
|a computer
|b c
|2 rdamedia
|
| 338 |
|
|
|a online resource
|b cr
|2 rdacarrier
|
| 500 |
|
|
|a Record is based on bibliographic data in ProQuest U.S. Congressional Research Digital Collection (last viewed June 2010). Reuse except for individual research requires license from ProQuest, LLC.
|
| 500 |
|
|
|a CRS Report.
|
| 520 |
|
|
|a Examines the Federal Trade Commission's advertising substantiation program requiring businesses and advertising agencies to have supporting evidence for the claims they make about products. Provides program background, discusses Chairman Miller's concerns, and evaluates program effectiveness in promoting truthful advertising.
|
| 500 |
|
|
|a Electronic resource.
|
| 650 |
|
0 |
|a Advertising.
|
| 650 |
|
0 |
|a Consumer protection.
|
| 655 |
|
7 |
|a Electronic books.
|2 local
|
| 710 |
2 |
|
|a ProQuest (Firm)
|
| 776 |
0 |
8 |
|i Microfiche version:
|a Library of Congress. Congressional Research Service.
|t Advertising Substantiation and the Role of the Federal Trade Commission
|
| 830 |
|
0 |
|a U.S. Congressional Research.
|
| 856 |
4 |
0 |
|u http://proxy.library.tamu.edu/login?url=https://congressional.proquest.com/congcomp/getdoc?CRDC-ID=CRS-1982-ECN-0069
|z Connect to the full text of this electronic book
|t 0
|
| 999 |
|
|
|a MARS
|
| 999 |
f |
f |
|s 12cb4fb4-d041-31f0-9756-f2cf040ae50a
|i 74aaa73b-cb95-3018-b3c8-41754e591669
|t 0
|
| 952 |
f |
f |
|a Texas A&M University
|b College Station
|c Electronic Resources
|s www_evans
|d Available Online
|t 0
|e CRS-1982-ECN-0069
|h Other scheme
|
| 998 |
f |
f |
|a CRS-1982-ECN-0069
|t 0
|l Available Online
|